sport orginization - Statistics

General Stats
  • This quiz has been taken 3 times
  • The average score is 4 of 15
Answer Stats
sport orginization % Correct
soccer fifa
100%
motorsport fia
67%
basket fiba
33%
volleyball fivb
33%
chess icf
33%
tennis itf
33%
cycling uci
33%
swimming wa
33%
athletics wa
33%
cricket icc
0%
handball ihf
0%
baseball wbc
0%
cubing wca
0%
martial arts wmaf
0%
rugby wr
0%
No matching quizzes found
Score Distribution
Percent of People with Each Score
Percentile by Number Answered
Your Score History
You have not taken this quiz